000 00417nam a2200121 a 4500
001 000046162
005 20201002052658.0
008 150630s1988 000 spa d
040 _aDO-SdBNP
_bspa
_cBNPHU
245 0 _aLucha por la democracia, frente amplio la vía para avanzar. :
_bdeclaración de guayana.
260 _aSanto Domingo, República Dominicana, :
_bBloque Socialista,
_c1988.
300 _a23 p. : ;
_c16 p.
999 _c45651
_d45651